000 00346nam a2200145Ia 4500
005 20251222175937.0
008 251222s9999||||xx |||||||||||||| ||spa||
020 _a8401325218
082 _a813.54/C89
100 _aCrichton, Michael
245 0 _aParque Jurásico
250 _a1ra.ed.
264 _bPlaza&Janés Editores, S.A.
942 _cLIB
999 _c41256
_d41256